000 01276nam a2200241Ii 4500
003 JO-AjNU
005 20240629092937.0
008 230605s9999||||xx |||||||||||||| ||und||
040 _aJO-AjNU
_bara
_erda
_cJO-AjNU
041 _aara
050 1 4 _aK720 2019
100 1 _aالغرايبة، اسماعيل محمد عبدالرحمن
_eمعد
_965740
245 0 _aالجوانب الاجرائية في دعوى ازالة الشيوع القسمة القضائية : دراسة مقارنة = Procedural Aspects in a Suit Remove Common Judicial Division: A comparative Study /
_cاعداد اسماعيل محمد عبدالرحمن الغرايبة؛ اشراف عبدالحكيم محسن عطروش
264 3 1 _a2019
300 _a113 ورقة
336 _atext
_btxt
_2rdacontent
337 _aunmediated
_bn
_2rdamedia
338 _avolume
_bnc
_2rdacarrier
500 _aرساله جامعيه (ماجستير في القانون) - جامعة عجلون الوطنيه (عجلون ، الاردن) ، كلية القانون تخصص القانون، 2019
650 4 _aالقانون المدني - القسمة القضائية - قانون - الاردن
_958784
700 1 _a عطروش، عبد الحكيم محسن
_947813
_eمشرف
942 _2lcc
_cTHS
999 _c29985
_d29985